Normal view
MARC view
Entry Nombre personal
001 - NÚMERO DE CONTROL
- campo de control: 19033
003 - IDENTIFICADOR DE NÚMERO DE CONTROL
- campo de control: OSt
005 - FECHA Y HORA DE LA ÚLTIMA TRANSACCIÓN
- campo de control: 20221005155920.0
008 - ELEMENTOS DE DATO DE LONGITUD-FIJA
- campo de control de longitud fija: 221005|| aca||aabn | a|a d
040 ## - FUENTE DE CATALOGACIÓN
- Centro catalogador/agencia de origen: OSt
- Centro/agencia transcriptor: OSt
100 ## - ENCABEZAMIENTO-NOMBRE DE PERSONA
- Nombre de persona: NIETO MORENO, Gloria E.
670 ## - FUENTE DE DATOS ENCONTRADOS
- Cita de la fuente: Work cat.: (OSt)19102: ASAMBLEA PERMANENTE DE LA SOCIEDAD CIVIL POR LA PAZ. reunión 4ª Bogotá 19032, Terminar la guerra, pactar la paz /, 2004